000 00315nam a22001337a 4500
008 171227b xxu||||| |||| 00| 0 eng d
020 _a9780691167732
041 _aeng
080 _a94
100 _a16
101 _aHIS
245 _aETHICAL LIFE ITS NATURAL SOCIAL HISTORIES
_cKEANE.W
942 _2udc
_cBK
999 _c39449
_d39449